[Event "Mazowiec-chT 1213"]
[Site "Poland"]
[Date "2013.02.17"]
[Round "8.4"]
[White "Kaczmarski, Cezary"]
[Black "Borowicz, Miroslaw"]
[Result "0-1"]
[WhiteElo "1404"]
[BlackElo "1753"]
[PlyCount "48"]
[EventDate "2013.01.13"]
[EventType "team-tourn"]
[EventRounds "10"]
[EventCountry "POL"]
[SourceTitle "EXT 2019"]
[Source "ChessBase"]
[SourceDate "2018.10.10"]
[SourceVersion "1"]
[SourceVersionDate "2018.10.10"]
[SourceQuality "1"]

1. d4 d5 2. c4 e6 3. Nc3 Nf6 4. cxd5 exd5 5. Qc2 Be7 6. Nf3 c6 7. Bg5 Na6 8. a3 Nc7 9. e3 h6 10. Bh4 Ne4 11. Bxe7 Qxe7 12. Bd3 Bf5 13. 0-0 0-0 14. Rfe1 Ne8 15. Ne5 f6 16. f3 fxe5 17. fxe4 dxe4 18. Bxe4 Nd6 19. Qb3+ Kh8 20. Bxf5 Rxf5 21. Rf1 Raf8 22. Rxf5 Rxf5 23. Rf1 exd4 24. g4 Qxe3+ 0-1

[Event "Warsaw Najdorf Memorial op-B"]
[Site "Warsaw"]
[Date "2011.07.20"]
[Round "7"]
[White "Winiarski, Mikolaj"]
[Black "Borowicz, Miroslaw"]
[Result "1-0"]
[WhiteElo "1857"]
[BlackElo "1776"]
[PlyCount "87"]
[EventDate "2011.07.14"]
[EventType "swiss"]
[EventRounds "9"]
[EventCountry "POL"]
[SourceTitle "EXT 2012"]
[Source "ChessBase"]
[SourceDate "2011.11.24"]
[SourceVersion "1"]
[SourceVersionDate "2011.11.24"]
[SourceQuality "1"]

1. e4 c6 2. d4 d5 3. Nc3 dxe4 4. Nxe4 Nd7 5. Bc4 Ngf6 6. Ng5 e6 7. Qe2 Nb6 8. Bd3 Qc7 9. N1f3 h6 10. Nxf7 Kxf7 11. Ne5+ Kg8 12. Ng6 Bd6 13. Nxh8 Kxh8 14. Bd2 Nbd5 15. 0-0-0 Nf4 16. Bxf4 Bxf4+ 17. Kb1 b6 18. h4 Bd7 19. g3 Bd6 20. g4 e5 21. dxe5 Bxe5 22. g5 Nh7 23. Bxh7 Kxh7 24. Qd3+ Kg8 25. Qxd7 Qxd7 26. Rxd7 Kh7 27. Re1 Bf4 28. Ree7 hxg5 29. Rxg7+ Kh6 30. hxg5+ Bxg5 31. a3 Re8 32. Rgf7 Kg6 33. Rf3 Re6 34. Rxa7 Bf6 35. Ra4 Kg5 36. Raf4 Be7 37. Re3 Rxe3 38. fxe3 Bc5 39. Re4 Kf5 40. Re8 Kf6 41. b4 Bd6 42. Rc8 c5 43. Rc6 Ke5 44. Rxd6 1-0

[Event "Warsaw Najdorf Memorial op-B"]
[Site "Warsaw"]
[Date "2011.07.19"]
[Round "6"]
[White "Borowicz, Miroslaw"]
[Black "Sosnowska, Elzbieta"]
[Result "1-0"]
[WhiteElo "1776"]
[BlackElo "1948"]
[PlyCount "103"]
[EventDate "2011.07.14"]
[EventType "swiss"]
[EventRounds "9"]
[EventCountry "POL"]
[SourceTitle "EXT 2012"]
[Source "ChessBase"]
[SourceDate "2011.11.24"]
[SourceVersion "1"]
[SourceVersionDate "2011.11.24"]
[SourceQuality "1"]

1. d4 d5 2. c4 e6 3. Nc3 c5 4. cxd5 exd5 5. dxc5 d4 6. Ne4 Bxc5 7. Nxc5 Qa5+ 8. Bd2 Qxc5 9. Nf3 Nc6 10. g3 Nge7 11. Bg2 0-0 12. 0-0 h6 13. b4 Nxb4 14. Rc1 Qd6 15. Bxb4 Qxb4 16. Qxd4 Qa5 17. Qe5 Nc6 18. Qxa5 Nxa5 19. Nd4 Rb8 20. Rc7 a6 21. Rfc1 b5 22. Ra7 Rb6 23. Rcc7 Rd6 24. e3 Bg4 25. h3 Bh5 26. Be4 Nc4 27. g4 Bg6 28. Bxg6 Rxg6 29. Nc6 Rf6 30. Rxa6 Nd6 31. Ne7+ Kh7 32. Nd5 Re6 33. Nf4 Rf6 34. Nd5 Re6 35. Rb6 Ra8 36. Nc3 Ra3 37. Nxb5 Nxb5 38. Rxb5 Rxa2 39. Rxf7 Rg6 40. Kg2 Re6 41. Kg3 Ra1 42. Rbb7 Rg6 43. f4 h5 44. f5 Rg5 45. Kh4 Kh6 46. Rb6+ g6 47. Rbb7 Rxg4+ 48. hxg4 Rh1+ 49. Kg3 Rg1+ 50. Kf2 Rxg4 51. fxg6 Rxg6 52. Rh7+ 1-0

[Event "POL-chT3 Mazowiecki"]
[Site "Warsaw"]
[Date "2011.03.20"]
[Round "9.17"]
[White "Kowalec, Maciej"]
[Black "Borowicz, Miroslaw"]
[Result "0-1"]
[WhiteElo "1416"]
[BlackElo "1776"]
[PlyCount "100"]
[EventDate "2011.01.09"]
[EventType "team-tourn"]
[EventRounds "10"]
[EventCountry "POL"]
[SourceTitle "EXT 2015"]
[Source "ChessBase"]
[SourceDate "2014.11.20"]
[SourceVersion "1"]
[SourceVersionDate "2014.11.20"]
[SourceQuality "1"]
[WhiteTeam "Bialoleka PKS Agape"]
[BlackTeam "Piastow Roszmeni"]
[WhiteTeamCountry "POL"]
[BlackTeamCountry "POL"]

1. d4 d5 2. c4 e6 3. Nf3 Nf6 4. Nc3 c5 5. Bg5 cxd4 6. Qxd4 Nc6 7. Qd1 Be7 8. cxd5 Nxd5 9. Bxe7 Ncxe7 10. e4 Nxc3 11. Qxd8+ Kxd8 12. bxc3 Nc6 13. Bb5 Kc7 14. Rd1 f6 15. h3 e5 16. Ke2 Be6 17. Rd2 Rhd8 18. Rhd1 Rxd2+ 19. Rxd2 h6 20. Bxc6 Kxc6 21. Ne1 Rc8 22. Rb2 Rc7 23. Nd3 a5 24. Kd2 Rd7 25. Kc2 Bc4 26. Ne1 g6 27. Kc1 f5 28. Nf3 Re7 29. Nd2 Bd3 30. Nb3 b6 31. exf5 gxf5 32. g3 Re6 33. f4 a4 34. Rd2 axb3 35. Rxd3 bxa2 36. Kb2 exf4 37. gxf4 Re2+ 38. Ka1 Kc5 39. Rd4 Rc2 40. Rd7 Kc4 41. Rb7 b5 42. h4 Rh2 43. h5 Rxh5 44. Kxa2 Kxc3 45. Rxb5 Kd4 46. Re5 Rg5 47. Ra5 Rg2+ 48. Kb3 Ke4 49. Ra4+ Ke3 50. Kc3 h5 0-1

[Event "POL-chT3 Mazowiecki"]
[Site "Warsaw"]
[Date "2011.03.20"]
[Round "10.5"]
[White "Zbrzeski, Piotr"]
[Black "Borowicz, Miroslaw"]
[Result "1-0"]
[WhiteElo "1808"]
[BlackElo "1776"]
[PlyCount "135"]
[EventDate "2011.01.09"]
[EventType "team-tourn"]
[EventRounds "10"]
[EventCountry "POL"]
[SourceTitle "EXT 2015"]
[Source "ChessBase"]
[SourceDate "2014.11.20"]
[SourceVersion "1"]
[SourceVersionDate "2014.11.20"]
[SourceQuality "1"]
[WhiteTeam "Warszawa Entropia"]
[BlackTeam "Piastow Roszmeni"]
[WhiteTeamCountry "POL"]
[BlackTeamCountry "POL"]

1. d4 d5 2. c4 e6 3. Nc3 Nf6 4. cxd5 exd5 5. Bg5 Be7 6. e3 c6 7. Bd3 h6 8. Bh4 0-0 9. Nge2 Re8 10. 0-0 Ne4 11. Bxe7 Qxe7 12. Rc1 Nd7 13. Nxe4 dxe4 14. Bc4 Nb6 15. Bb3 Be6 16. Nf4 Bxb3 17. Qxb3 Rad8 18. Rc5 Kf8 19. Rf5 Kg8 20. Ra5 Nc8 21. Re5 Qd7 22. Rxe8+ Rxe8 23. Rd1 g5 24. Nh5 Re6 25. Qc3 Qd5 26. b3 Nd6 27. Qc5 b6 28. Qxd5 cxd5 29. Rc1 Kf8 30. Kf1 f5 31. Rc7 Re7 32. Rc6 Re6 33. g3 Kf7 34. h3 Ne8 35. Rc8 Kg6 36. g4 fxg4 37. hxg4 Kf7 38. Ke2 Ke7 39. Rxe8+ Kxe8 40. Ng7+ Kf7 41. Nxe6 Kxe6 42. f3 a5 43. fxe4 dxe4 44. a4 Kd6 45. Kd2 Kc6 46. Kc3 Kd5 47. b4 Ke6 48. bxa5 bxa5 49. Kc4 h5 50. gxh5 g4 51. d5+ Kf7 52. d6 g3 53. d7 Ke7 54. h6 g2 55. h7 g1Q 56. h8Q Qf1+ 57. Kd5 Qd3+ 58. Qd4 Kxd7 59. Ke5+ Kc6 60. Qxe4+ Qxe4+ 61. Kxe4 Kc5 62. Kf5 Kb4 63. e4 Kxa4 64. e5 Kb3 65. e6 a4 66. e7 a3 67. e8Q a2 68. Qe5 1-0

[Event "Warsaw Najdorf Memorial op-B"]
[Site "Warsaw"]
[Date "2010.07.23"]
[Round "8"]
[White "Borowicz, Miroslaw"]
[Black "Jarmula, Pawel"]
[Result "0-1"]
[WhiteElo "1785"]
[BlackElo "1971"]
[PlyCount "98"]
[EventDate "2010.07.17"]
[EventType "swiss"]
[EventRounds "9"]
[EventCountry "POL"]
[SourceTitle "CBM 137 Extra"]
[Source "ChessBase"]
[SourceDate "2010.09.01"]
[SourceVersion "1"]
[SourceVersionDate "2010.09.01"]
[SourceQuality "1"]

1. d4 Nf6 2. c4 g6 3. Nc3 Bg7 4. e4 d6 5. f4 0-0 6. Nf3 c5 7. d5 e6 8. Be2 exd5 9. cxd5 Re8 10. Nd2 a6 11. a4 Nbd7 12. 0-0 Rb8 13. Qc2 h5 14. h3 h4 15. Rb1 Qc7 16. b3 Nf8 17. Bb2 Bd7 18. Nd1 Nxe4 19. Nxe4 Rxe4 20. Bxg7 Kxg7 21. Bd3 Ree8 22. f5 Bxf5 23. Bxf5 gxf5 24. Qxf5 Ng6 25. Rb2 Re5 26. Qf6+ Kg8 27. Rbf2 Rf8 28. Qf3 Qe7 29. Qd3 Re1 30. Nb2 Rxf1+ 31. Rxf1 Re8 32. Nc4 b5 33. axb5 axb5 34. Na5 b4 35. Nc4 Ne5 36. Qf5 Nxc4 37. Qg4+ Kf8 38. bxc4 Qe3+ 39. Kh2 Qg3+ 40. Qxg3 hxg3+ 41. Kxg3 Re3+ 42. Kg4 Rc3 43. Rf4 b3 44. Rf1 Rxc4+ 45. Kf5 b2 46. Rb1 Rc2 47. Ke4 c4 48. Kd4 c3 49. Kd3 Rc1 0-1

[Event "Warsaw Najdorf Memorial op-B"]
[Site "Warsaw"]
[Date "2010.07.18"]
[Round "3"]
[White "Borowicz, Miroslaw"]
[Black "Szwaj, Jacek"]
[Result "1/2-1/2"]
[WhiteElo "1785"]
[BlackElo "1944"]
[PlyCount "114"]
[EventDate "2010.07.17"]
[EventType "swiss"]
[EventRounds "9"]
[EventCountry "POL"]
[SourceTitle "CBM 137 Extra"]
[Source "ChessBase"]
[SourceDate "2010.09.01"]
[SourceVersion "1"]
[SourceVersionDate "2010.09.01"]
[SourceQuality "1"]

1. d4 Nf6 2. c4 e6 3. Nc3 Bb4 4. Qc2 0-0 5. Bg5 c5 6. e3 h6 7. Bh4 Nc6 8. dxc5 Bxc5 9. a3 Ne5 10. Be2 a6 11. Nf3 Bd6 12. Rd1 Qc7 13. Bxf6 gxf6 14. Ne4 Nxf3+ 15. Bxf3 Be5 16. Be2 d5 17. Ng3 dxc4 18. f4 Qa5+ 19. Kf2 Bc7 20. Qxc4 b5 21. Qc6 Qb6 22. Rc1 Qxc6 23. Rxc6 Bd8 24. Rd1 f5 25. Bf3 Bb7 26. Rcd6 Bxf3 27. Kxf3 Be7 28. Rd7 Rfd8 29. e4 fxe4+ 30. Nxe4 Kf8 31. g4 Rxd7 32. Rxd7 Rc8 33. Rd2 f6 34. h3 a5 35. Ke3 Rc7 36. Ng3 Bc5+ 37. Ke4 Ke7 38. h4 Bd6 39. h5 Rc4+ 40. Rd4 Rxd4+ 41. Kxd4 Bxf4 42. Ne2 Be5+ 43. Kc5 Bxb2 44. Kxb5 Bxa3 45. Kxa5 Kd6 46. Ka4 Bc5 47. Kb5 Ba7 48. Kc4 Ke5 49. Kd3 f5 50. gxf5 Kxf5 51. Nc3 Kg5 52. Ke4 Bb8 53. Kf3 Kxh5 54. Ne4 Kg6 55. Nc5 e5 56. Nd7 Kf5 57. Nxe5 Kxe5 1/2-1/2

[Event "Mazowiec-chT 0910"]
[Site "Mazowsze"]
[Date "2010.01.17"]
[Round "4.8"]
[White "Borowicz, Miroslaw"]
[Black "Mietek, Lukasz"]
[Result "1-0"]
[WhiteElo "1789"]
[BlackElo "1959"]
[PlyCount "52"]
[EventDate "2009.11.29"]
[EventType "team-tourn"]
[EventRounds "11"]
[EventCountry "POL"]
[SourceTitle "EXT 2011"]
[Source "ChessBase"]
[SourceDate "2010.11.26"]
[SourceVersion "1"]
[SourceVersionDate "2010.11.26"]
[SourceQuality "1"]

1. d4 d5 2. c4 c6 3. Nc3 Nf6 4. Nf3 e6 5. Bg5 Be7 6. e3 Nbd7 7. Bd3 dxc4 8. Bxc4 0-0 9. Rc1 b5 10. Bd3 a6 11. 0-0 Bb7 12. Ne4 Nxe4 13. Bxe7 Nxf2 14. Bxh7+ Kh8 15. Rxf2 Qxe7 16. Be4 g6 17. Bxc6 Bxc6 18. Rxc6 Kg7 19. Qc1 Ra7 20. e4 a5 21. Qf4 Nb8 22. Rb6 Rb7 23. Qe5+ Kg8 24. Qxb5 Rxb6 25. Qxb6 a4 26. Rc2 Qf6 1-0

[Event "Polanica Zdroj op-C 45th"]
[Site "Polanica Zdroj"]
[Date "2009.08.24"]
[Round "7"]
[White "Rosicki, Marcin"]
[Black "Borowicz, Miroslaw"]
[Result "0-1"]
[WhiteElo "1534"]
[BlackElo "1850"]
[PlyCount "102"]
[EventDate "2009.08.18"]
[EventType "swiss"]
[EventRounds "9"]
[EventCountry "POL"]
[SourceTitle "CBM 132 Extra"]
[Source "ChessBase"]
[SourceDate "2009.11.03"]
[SourceVersion "1"]
[SourceVersionDate "2009.11.03"]
[SourceQuality "1"]

1. e4 c6 2. d4 d5 3. e5 Bf5 4. Nc3 e6 5. g4 Bg6 6. h4 h5 7. g5 Nd7 8. Nge2 c5 9. f4 Ne7 10. Bh3 Nf5 11. Bxf5 Bxf5 12. Bd2 Be7 13. Rf1 Rb8 14. a4 Qb6 15. Ng3 Bg4 16. dxc5 Bxc5 17. Nge2 Bh3 18. a5 Qc7 19. Rh1 Bg4 20. Qc1 Qc6 21. Rh2 a6 22. Be3 Bb4 23. Qd2 Rc8 24. Bd4 Nc5 25. Bxc5 Qxc5 26. Qd4 Qxd4 27. Nxd4 Bxc3+ 28. bxc3 Rxc3 29. Rb1 Rc7 30. Rb6 Kd7 31. Rd2 Kc8 32. Rd3 g6 33. Rdb3 Rd8 34. Kd2 Rdd7 35. c3 Rc4 36. Ra3 Rdc7 37. Rd6 Bh3 38. Rb6 R4c5 39. Rd6 Bf1 40. Rb6 Kb8 41. Rd6 Ka7 42. Rb6 Rxa5 43. Rxb7+ Rxb7 44. Rxa5 Rb2+ 45. Nc2 Kb6 46. Ra1 Bc4 47. Kc1 Rb3 48. Kd2 a5 49. Ra4 Rb1 50. Ne1 Rb2+ 51. Ke3 Re2+ 0-1

[Event "Milanowek op"]
[Site "Milanowek"]
[Date "2009.06.27"]
[Round "8"]
[White "Zochowski, Wieslaw"]
[Black "Borowicz, Miroslaw"]
[Result "1/2-1/2"]
[WhiteElo "1812"]
[BlackElo "1858"]
[PlyCount "66"]
[EventDate "2009.06.20"]
[EventType "swiss"]
[EventRounds "9"]
[EventCountry "POL"]
[SourceTitle "CBM 131 Extra"]
[Source "ChessBase"]
[SourceDate "2009.09.03"]
[SourceVersion "2"]
[SourceVersionDate "2009.09.16"]
[SourceQuality "1"]

1. e4 c6 2. d4 d5 3. Nc3 dxe4 4. Nxe4 Nd7 5. Nf3 Ngf6 6. Nxf6+ Nxf6 7. Bd3 Bg4 8. c3 e6 9. Bg5 Be7 10. Qe2 Nd5 11. Bxe7 Qxe7 12. g3 Qf6 13. Be4 Qh6 14. Qc2 f6 15. Nd2 0-0-0 16. h3 Bxh3 17. 0-0-0 g5 18. Bg2 g4 19. Kb1 f5 20. Nc4 Rhf8 21. Ne5 Rf6 22. Rh2 Rg8 23. Rdh1 Rg5 24. Nd3 Qg7 25. Bxh3 gxh3 26. Rxh3 h6 27. c4 Nc7 28. Nf4 Qf8 29. Qe2 Rg8 30. Qe5 Rh8 31. b3 Rh7 32. Kb2 Qf7 33. Nh5 Rg6 1/2-1/2

[Event "Milanowek op"]
[Site "Milanowek"]
[Date "2009.06.21"]
[Round "2"]
[White "Borowicz, Miroslaw"]
[Black "Matuszewski, Michal"]
[Result "0-1"]
[WhiteElo "1858"]
[BlackElo "2316"]
[PlyCount "92"]
[EventDate "2009.06.20"]
[EventType "swiss"]
[EventRounds "9"]
[EventCountry "POL"]
[SourceTitle "CBM 131 Extra"]
[Source "ChessBase"]
[SourceDate "2009.09.03"]
[SourceVersion "2"]
[SourceVersionDate "2009.09.16"]
[SourceQuality "1"]

1. d4 Nf6 2. c4 g6 3. Nc3 Bg7 4. e4 d6 5. f4 0-0 6. Nf3 Nbd7 7. Be2 e5 8. dxe5 dxe5 9. Nxe5 Nxe5 10. Qxd8 Rxd8 11. fxe5 Nd7 12. Nd5 Bxe5 13. 0-0 Nc5 14. Bf3 Kg7 15. Be3 Nd3 16. Rab1 c6 17. Nc3 Be6 18. c5 Rd7 19. Rfd1 Rad8 20. Rd2 Nxc5 21. Rxd7 Nxd7 22. Rd1 b6 23. Bd4 Rc8 24. b3 Kf6 25. Kf2 Ke7 26. Bxe5 Nxe5 27. Ke3 f6 28. Be2 Rd8 29. Rxd8 Kxd8 30. h3 Kc7 31. Bd1 Kd6 32. Ne2 Kc5 33. a3 a5 34. Bc2 b5 35. Nd4 Bf7 36. Bd1 a4 37. Bc2 axb3 38. Bxb3 Bxb3 39. Nxb3+ Kc4 40. Na5+ Kc3 41. g4 Nc4+ 42. Nxc4 Kxc4 43. Kf4 Kd4 44. h4 c5 45. g5 fxg5+ 46. hxg5 b4 0-1

[Event "Mazowiec-chT"]
[Site "Mazowsze"]
[Date "2009.03.30"]
[Round "6"]
[White "Borowicz, Miroslaw"]
[Black "Rozycki, Bartlomiej"]
[Result "1-0"]
[WhiteElo "1850"]
[BlackElo "1738"]
[PlyCount "77"]
[EventDate "2009.01.11"]
[EventType "team-tourn"]
[EventRounds "10"]
[EventCountry "POL"]
[SourceTitle "EXT 2013"]
[Source "ChessBase"]
[SourceDate "2012.11.22"]
[SourceVersion "1"]
[SourceVersionDate "2012.11.22"]
[SourceQuality "1"]

1. d4 d5 2. c4 e6 3. Nf3 Nf6 4. Nc3 Nbd7 5. Bg5 c6 6. e3 Qa5 7. Bxf6 Nxf6 8. Qc2 Bb4 9. Nd2 0-0 10. Bd3 Qc7 11. a3 Bxc3 12. Qxc3 Nd7 13. e4 dxe4 14. Nxe4 Qf4 15. 0-0 Nf6 16. Rae1 Rd8 17. Re3 Nxe4 18. Rxe4 Qd6 19. Rfe1 c5 20. d5 Bd7 21. Re5 Rac8 22. Rg5 g6 23. h4 Qf4 24. Re4 Qd6 25. h5 h6 26. Rg3 g5 27. Qf6 Qf8 28. Re5 Qg7 29. Rgxg5 hxg5 30. Rxg5 Qxg5 31. Qxg5+ Kf8 32. h6 Ba4 33. h7 Ke8 34. h8Q+ Kd7 35. dxe6+ fxe6 36. Qh7+ Kc6 37. Be4+ Kb6 38. Qxb7+ Ka5 39. Qxa7# 1-0

[Event "Mazowiec-chT"]
[Site "Mazowsze"]
[Date "2009.03.01"]
[Round "4"]
[White "Borowicz, Miroslaw"]
[Black "Sliwinski, Marcin"]
[Result "1/2-1/2"]
[WhiteElo "1850"]
[BlackElo "2123"]
[PlyCount "77"]
[EventDate "2009.01.11"]
[EventType "team-tourn"]
[EventRounds "10"]
[EventCountry "POL"]
[SourceTitle "EXT 2013"]
[Source "ChessBase"]
[SourceDate "2012.11.22"]
[SourceVersion "1"]
[SourceVersionDate "2012.11.22"]
[SourceQuality "1"]

1. d4 d5 2. c4 e6 3. Nc3 f5 4. cxd5 exd5 5. Nf3 Nf6 6. Bf4 Be7 7. e3 c6 8. Bd3 0-0 9. Qc2 Ne4 10. Ne5 Nd7 11. f3 Nxc3 12. bxc3 Bd6 13. 0-0 Qf6 14. Nxd7 Bxd7 15. Bxd6 Qxd6 16. e4 fxe4 17. fxe4 dxe4 18. Bxe4 Qh6 19. Qd3 Rae8 20. Rae1 a6 21. h3 Kh8 22. Bf5 Rxe1 23. Rxe1 Bxf5 24. Qxf5 g6 25. Qe5+ Qg7 26. Qd6 Qf6 27. Qxf6+ Rxf6 28. Re7 b5 29. Ra7 c5 30. dxc5 Rc6 31. Kf2 Rxc5 32. Rxa6 Rxc3 33. Ra7 b4 34. h4 b3 35. axb3 Rxb3 36. Re7 Kg8 37. g4 Rh3 38. h5 gxh5 39. gxh5 1/2-1/2

[Event "Chylice Noworoczniak op"]
[Site "Chylice"]
[Date "2008.12.30"]
[Round "5.8"]
[White "Eggink, Ryszard"]
[Black "Borowicz, Miroslaw"]
[Result "1-0"]
[WhiteElo "1736"]
[BlackElo "1884"]
[PlyCount "93"]
[EventDate "2008.12.27"]
[EventType "swiss"]
[EventRounds "5"]
[EventCountry "POL"]
[SourceTitle "EXT 2023"]
[Source "ChessBase"]
[SourceDate "2022.10.05"]
[SourceVersion "1"]
[SourceVersionDate "2022.10.05"]
[SourceQuality "1"]

1. e4 e5 2. Nf3 Nf6 3. d4 Nxe4 4. dxe5 d5 5. Bd3 Bg4 6. Bxe4 dxe4 7. Qxd8+ Kxd8 8. Ng5 Ke8 9. Nxe4 Nc6 10. Be3 Nxe5 11. Nbd2 f6 12. 0-0 Kf7 13. h3 Be6 14. b3 b6 15. f4 Nc6 16. c3 Rd8 17. Rad1 Rd3 18. Kf2 Be7 19. Ke2 Rhd8 20. Nf3 Rxd1 21. Rxd1 Rxd1 22. Kxd1 h6 23. Kd2 a5 24. c4 Bb4+ 25. Kd3 Bf5 26. g4 Bd7 27. f5 Ba3 28. Nc3 Nb4+ 29. Kd2 Nc6 30. Bf4 Bd6 31. Bxd6 cxd6 32. Nd5 Ne5 33. Nxe5+ fxe5 34. Nxb6 Bc6 35. Nd5 Bxd5 36. cxd5 Kf6 37. a3 e4 38. b4 axb4 39. axb4 Ke5 40. Ke3 Kxd5 41. b5 Kc5 42. Kxe4 d5+ 43. Ke5 d4 44. Ke4 Kxb5 45. Kxd4 Kc6 46. Ke5 Kd7 47. f6 1-0

[Event "Chylice Noworoczniak op"]
[Site "Chylice"]
[Date "2008.12.28"]
[Round "3.8"]
[White "Borowicz, Miroslaw"]
[Black "Grochulski, Grzegorz"]
[Result "0-1"]
[WhiteElo "1884"]
[BlackElo "1913"]
[PlyCount "60"]
[EventDate "2008.12.27"]
[EventType "swiss"]
[EventRounds "5"]
[EventCountry "POL"]
[SourceTitle "EXT 2023"]
[Source "ChessBase"]
[SourceDate "2022.10.05"]
[SourceVersion "1"]
[SourceVersionDate "2022.10.05"]
[SourceQuality "1"]

1. d4 d5 2. c4 Nc6 3. cxd5 Qxd5 4. Nf3 e5 5. Nc3 Bb4 6. dxe5 Qxd1+ 7. Kxd1 Bg4 8. Bf4 0-0-0+ 9. Kc1 Nge7 10. h3 Bxf3 11. exf3 Ng6 12. Bg5 Rde8 13. e6 f6 14. Be3 Rxe6 15. g3 Rd8 16. f4 Nd4 17. Bg2 Bxc3 18. bxc3 Ne2+ 19. Kc2 Nxg3 20. Rhb1 b6 21. Bf3 Nh4 22. Bd1 Ne4 23. Rb4 f5 24. Be2 Ng2 25. Rd1 Rxd1 26. Bxd1 Ne1+ 27. Kb3 c5 28. Ra4 a5 29. Be2 Kc7 30. Ra3 Nxf2 0-1

[Event "Chylice Noworoczniak op"]
[Site "Chylice"]
[Date "2008.12.27"]
[Round "1.6"]
[White "Borowicz, Miroslaw"]
[Black "Budrewicz, Henryk"]
[Result "1/2-1/2"]
[WhiteElo "1884"]
[BlackElo "1697"]
[PlyCount "152"]
[EventDate "2008.12.27"]
[EventType "swiss"]
[EventRounds "5"]
[EventCountry "POL"]
[SourceTitle "EXT 2023"]
[Source "ChessBase"]
[SourceDate "2022.10.05"]
[SourceVersion "1"]
[SourceVersionDate "2022.10.05"]
[SourceQuality "1"]

1. d4 Nf6 2. c4 e6 3. Nc3 c5 4. d5 exd5 5. cxd5 d6 6. e4 g6 7. f4 a6 8. a4 Bg7 9. Nf3 Bg4 10. Be2 Bxf3 11. Bxf3 Nbd7 12. 0-0 0-0 13. Qc2 Re8 14. Bd2 Qc7 15. Rae1 Rab8 16. Na2 b5 17. Nb4 Qb7 18. Nc6 Rbc8 19. e5 dxe5 20. fxe5 Nh5 21. g4 Nxe5 22. Nxe5 Bxe5 23. gxh5 Qc7 24. Bc3 Bd6 25. hxg6 hxg6 26. axb5 axb5 27. Qd2 b4 28. Bf6 Bf4 29. Qf2 Bh6 30. Qh4 Bg7 31. Bxg7 Kxg7 32. Bg4 f5 33. Bf3 Qd6 34. Qg3 Qf6 35. Rxe8 Rxe8 36. Qc7+ Re7 37. Qxc5 Qg5+ 38. Kh1 Qe3 39. Qxb4 Rc7 40. d6 Rc1 41. Qb7+ Kh6 42. Rxc1 Qxc1+ 43. Kg2 Qd2+ 44. Kf1 Qxd6 45. h3 Qd3+ 46. Kf2 Qd4+ 47. Ke2 Qc4+ 48. Kd2 Qd4+ 49. Kc2 Qc4+ 50. Kb1 Qf1+ 51. Ka2 Qc4+ 52. Ka3 Qc5+ 53. b4 Qc3+ 54. Ka4 Qc2+ 55. Ka5 Qc3 56. Qd5 Qc7+ 57. Ka6 Qc8+ 58. Ka7 Qc7+ 59. Qb7 Qg3 60. b5 Qf2+ 61. b6 Qc5 62. Qc7 Qa3+ 63. Kb8 Qxf3 64. b7 Qe4 65. Qa5 f4 66. h4 f3 67. Qg5+ Kg7 68. Kc8 Qc6+ 69. Kb8 Qd6+ 70. Ka7 Qd4+ 71. Ka6 f2 72. Qe7+ Kh6 73. Qf8+ Kh5 74. b8Q Qa1+ 75. Kb6 f1Q 76. Qc5+ Qf5 1/2-1/2

[Event "Warsaw Najdorf Memorial op-B"]
[Site "Warsaw"]
[Date "2008.08.07"]
[Round "6"]
[White "Borowicz, Miroslaw"]
[Black "Moskwinski, Marek"]
[Result "1-0"]
[WhiteElo "1917"]
[BlackElo "1772"]
[PlyCount "94"]
[EventDate "2008.08.02"]
[EventType "swiss"]
[EventRounds "9"]
[EventCountry "POL"]
[SourceTitle "CBM 126 Extra"]
[Source "ChessBase"]
[SourceDate "2008.11.05"]
[SourceVersion "1"]
[SourceVersionDate "2008.11.05"]
[SourceQuality "1"]

1. d4 d5 2. c4 c6 3. Nf3 Nf6 4. Nc3 e6 5. e3 Nbd7 6. Bd3 dxc4 7. Bxc4 b5 8. Bd3 a6 9. 0-0 Qc7 10. b3 c5 11. Bb2 Be7 12. Rc1 Qb6 13. Ne4 c4 14. Bb1 Bb7 15. Nxf6+ Nxf6 16. bxc4 bxc4 17. Qa4+ Bc6 18. Qxc4 Bd5 19. Qa4+ Qb5 20. Qxb5+ axb5 21. Bd3 0-0 22. Bxb5 Rxa2 23. Bc3 Rb8 24. Bd3 Ra3 25. Nd2 Rc8 26. Nb1 Rb3 27. f3 Ba3 28. Rc2 Bc4 29. Bb4 Bxb4 30. Bxc4 Rxe3 31. Kf2 Nd5 32. Rfc1 Be1+ 33. Rxe1 Rxe1 34. Kxe1 Ne3 35. Rc3 Rxc4 36. Rxc4 Nxc4 37. Ke2 f5 38. Kd3 Nd6 39. Nd2 Kf7 40. Nc4 Nxc4 41. Kxc4 Kf6 42. f4 Ke7 43. Kc5 h6 44. Kc6 g5 45. g3 gxf4 46. gxf4 Kf6 47. Kd6 Kf7 1-0

[Event "Najdorf Memorial op-B"]
[Site "Grodzisk Mazowiecki"]
[Date "2007.07.26"]
[Round "7"]
[White "Borowicz, Miroslaw"]
[Black "Kowalska, Elzbieta"]
[Result "1/2-1/2"]
[WhiteElo "1929"]
[BlackElo "1975"]
[PlyCount "78"]
[EventDate "2007.07.20"]
[EventType "swiss"]
[EventRounds "9"]
[EventCountry "POL"]
[SourceTitle "EXT 2008"]
[Source "ChessBase"]
[SourceDate "2007.11.25"]
[SourceVersion "1"]
[SourceVersionDate "2007.11.25"]
[SourceQuality "1"]

1. d4 Nf6 2. c4 g6 3. Nc3 d5 4. cxd5 Nxd5 5. e4 Nxc3 6. bxc3 Bg7 7. Nf3 c5 8. Be2 0-0 9. 0-0 cxd4 10. cxd4 Nc6 11. Be3 e6 12. Rc1 a6 13. Qa4 Bd7 14. Qa3 Rc8 15. Rfd1 Qe7 16. Qxe7 Nxe7 17. Nd2 Rxc1 18. Rxc1 Rc8 19. Rxc8+ Nxc8 20. Nb3 Bc6 21. f3 b5 22. Kf2 Kf8 23. Bd2 Ke8 24. Ke3 Bf8 25. g3 Nb6 26. Na5 Ba8 27. Kd3 h5 28. Bd1 Kd7 29. Bb3 Bd6 30. Bd1 Bc7 31. Nb3 Na4 32. Be2 h4 33. f4 hxg3 34. hxg3 g5 35. e5 gxf4 36. gxf4 Bd5 37. Bh5 Ke8 38. Nc1 Nb2+ 39. Kc2 Nc4 1/2-1/2

[Event "Najdorf Memorial op-B"]
[Site "Grodzisk Mazowiecki"]
[Date "2007.07.22"]
[Round "3"]
[White "Borowicz, Miroslaw"]
[Black "Jaglowski, Leszek"]
[Result "1-0"]
[WhiteElo "1929"]
[BlackElo "1961"]
[PlyCount "70"]
[EventDate "2007.07.20"]
[EventType "swiss"]
[EventRounds "9"]
[EventCountry "POL"]
[SourceTitle "EXT 2008"]
[Source "ChessBase"]
[SourceDate "2007.11.25"]
[SourceVersion "1"]
[SourceVersionDate "2007.11.25"]
[SourceQuality "1"]

1. d4 d5 2. c4 c6 3. Nc3 Nf6 4. Bf4 e6 5. e3 Bd6 6. Bxd6 Qxd6 7. Nf3 dxc4 8. Bxc4 0-0 9. 0-0 b6 10. Qe2 Bb7 11. Rfd1 Rd8 12. Rac1 Nbd7 13. a3 Nd5 14. e4 Nxc3 15. Rxc3 b5 16. Ba2 Nb6 17. Ng5 h6 18. e5 Qe7 19. Ne4 Rab8 20. Qg4 Kh8 21. Rg3 Rg8 22. Rh3 Rgd8 23. Rdd3 Qf8 24. Ng5 Bc8 25. Qe4 Qg8 26. Rdf3 Rb7 27. Bb1 Rf8 28. Nh7 Nd7 29. Nxf8 Nxf8 30. Qxc6 Nh7 31. Rc3 Rb8 32. Bxh7 Kxh7 33. Qe4+ g6 34. Rc7 h5 35. Qf4 Qf8 1-0